| 000 | 00565nmm a2200229 a 4500 | ||
|---|---|---|---|
| 003 | AR-BaBNM | ||
| 005 | 20251128203755.0 | ||
| 008 | 107019s1959 ||||||||||||||000 | spa|| | ||
| 040 | _cAR-BaBNM | ||
| 100 | 1 | _aMestroni, Valentín | |
| 245 | 1 | 0 | _aTrabajo manual |
| 260 |
_aBuenos Aires _bKapelusz _c1959 |
||
| 300 | 0 |
_a218 p. _bil., gráfs. |
|
| 650 | 4 | _aTRABAJO EN MADERA | |
| 650 | 4 | _aTRABAJO EN METAL | |
| 650 | 4 | _aTALLERES | |
| 650 | 4 | _aPRUEBAS DE RENDIMIENTO | |
| 653 | 0 | _aTRABAJO MANUAL | |
| 700 | 1 | _aMestroni, Lino | |
| 942 | _cBK | ||
| 998 | _cCarmen | ||
| 999 |
_c4888 _d4888 |
||